000
00337nam a2200133Ia 4500
008
191206s9999 xx 000 0 und d
020
_a
521383439
090
_a
GB401.5B754
245
0
_a
World geomorphology
260
_a
Cambridge University Press
260
_c
c1990
300
_a
"x, 260 p. : ill. ; 26 cm."
999
_c
17318
_d
17318